[Event "Olympiad-45"]
[Site "Budapest"]
[Date "2024.09.19"]
[Round "8.1"]
[White "Mehrad, Ahmad Tamim"]
[Black "Razanadrakotoarisoa, Toavina"]
[Result "0-1"]
[WhiteElo "2015"]
[BlackElo "2147"]
[PlyCount "98"]
[EventDate "2024.09.11"]
[EventType "team-swiss"]
[EventRounds "11"]
[EventCountry "HUN"]
[SourceTitle "EXT 2025"]
[Source "ChessBase"]
[SourceDate "2024.10.14"]
[SourceVersion "1"]
[SourceVersionDate "2024.10.14"]
[SourceQuality "1"]
[WhiteTeam "Afghanistan"]
[BlackTeam "Madagascar"]
[WhiteTeamCountry "AFG"]
[BlackTeamCountry "MAD"]

1. Nf3 Nf6 2. g3 d5 3. d4 e6 4. Bg2 Nbd7 5. 0-0 Be7 6. c3 0-0 7. Nbd2 b6 8. Ne5 Nxe5 9. dxe5 Nd7 10. f4 Ba6 11. Re1 c6 12. Nf3 Rc8 13. Be3 Bc5 14. Nd4 b5 15. Bf2 b4 16. Qd2 bxc3 17. Qxc3 Bb6 18. Qa3 Bb7 19. Rac1 a6 20. Red1 c5 21. Nf3 a5 22. b3 Rc7 23. Qb2 Qa8 24. h4 Rfc8 25. Nd2 Qa7 26. Nb1 c4 27. Bxb6 Qxb6+ 28. Kh2 Nc5 29. Qd4 cxb3 30. axb3 Qxb3 31. Nd2 Qb4 32. Qa1 a4 33. Rb1 Nb3 34. Nxb3 axb3 35. Rd4 Rc4 36. Rd3 Rc3 37. Rxc3 Rxc3 38. Qa7 Rc8 39. Rb2 h6 40. Bf3 Kh7 41. Qa1 Rc3 42. Qb1+ Kg8 43. f5 exf5 44. h5 f4 45. g4 Qb6 46. Kg2 Qe3 47. Qe1 Rc1 48. Qf2 Qc3 49. Qb6 Qe1 0-1

[Event "Asia Cup"]
[Site "Abu Dhabi"]
[Date "2016.04.04"]
[Round "8.3"]
[White "Ammar, Sedrani"]
[Black "Mehrad, Ahmad Tamim"]
[Result "0-1"]
[WhiteElo "1701"]
[BlackElo "1988"]
[PlyCount "60"]
[EventDate "2016.03.28"]
[EventType "team-swiss"]
[EventRounds "9"]
[EventCountry "UAE"]
[SourceTitle "CBM 171 Extra"]
[Source "ChessBase"]
[SourceDate "2016.04.26"]
[SourceVersion "1"]
[SourceVersionDate "2016.04.26"]
[SourceQuality "1"]
[WhiteTeam "United Arab Emirates II"]
[BlackTeam "Afghanistan"]
[WhiteTeamCountry "UAE"]
[BlackTeamCountry "AFG"]

1. d4 Nf6 2. Bg5 d5 3. e3 c6 4. Nd2 Bf5 5. c4 Nbd7 6. Qb3 Qb6 7. c5 Qxb3 8. axb3 e5 9. Ngf3 exd4 10. exd4 Be7 11. Be2 h6 12. Bf4 g5 13. Bg3 Ne4 14. Nxe4 Bxe4 15. b4 Bf6 16. Ne5 Bxe5 17. dxe5 Bxg2 18. Rg1 Be4 19. b5 Nxc5 20. bxc6 bxc6 21. Rc1 Ne6 22. Rxc6 Rb8 23. Bd1 d4 24. Rc1 Ke7 25. b3 Rhc8 26. Kd2 Rxc1 27. Kxc1 Bd5 28. Kb2 Bxb3 29. Bxb3 Nc5 30. Rc1 Nd3+ 0-1

[Event "Asia Cup"]
[Site "Abu Dhabi"]
[Date "2016.04.02"]
[Round "6.3"]
[White "Mehrad, Ahmad Tamim"]
[Black "Al Azmi, Khalaf"]
[Result "1-0"]
[WhiteElo "1988"]
[BlackElo "1842"]
[PlyCount "81"]
[EventDate "2016.03.28"]
[EventType "team-swiss"]
[EventRounds "9"]
[EventCountry "UAE"]
[SourceTitle "CBM 171 Extra"]
[Source "ChessBase"]
[SourceDate "2016.04.26"]
[SourceVersion "1"]
[SourceVersionDate "2016.04.26"]
[SourceQuality "1"]
[WhiteTeam "Afghanistan"]
[BlackTeam "Kuwait"]
[WhiteTeamCountry "AFG"]
[BlackTeamCountry "KUW"]

1. d4 Nf6 2. c4 e5 3. dxe5 Ng4 4. e6 fxe6 5. e4 Ne5 6. Be3 Bb4+ 7. Nc3 0-0 8. f4 Ng6 9. g3 b6 10. Nge2 Bb7 11. Bg2 Qe7 12. Qd2 Na6 13. a3 Bc5 14. b4 Bxe3 15. Qxe3 c5 16. b5 Nc7 17. Rd1 Rad8 18. Qd2 Qf7 19. 0-0 Kh8 20. a4 d5 21. exd5 exd5 22. Nxd5 Ne7 23. Nec3 Nf5 24. Rfe1 Rd7 25. Re5 Rfd8 26. Bh3 Nd4 27. Bg2 Nxd5 28. cxd5 Bxd5 29. Nxd5 Rxd5 30. Bxd5 Rxd5 31. Qa2 c4 32. Qxc4 Nf3+ 33. Kf2 Nxe5 34. Qxd5 Ng4+ 35. Kg1 Qxd5 36. Rxd5 Kg8 37. Rd8+ Kf7 38. Rd7+ Kf6 39. Rxa7 Ne3 40. Ra6 Nc4 41. a5 1-0

[Event "Asia Cup"]
[Site "Abu Dhabi"]
[Date "2016.03.29"]
[Round "2.3"]
[White "Mehrad, Ahmad Tamim"]
[Black "Ali, Abdulaziz"]
[Result "1-0"]
[WhiteElo "1988"]
[BlackElo "1910"]
[PlyCount "41"]
[EventDate "2016.03.28"]
[EventType "team-swiss"]
[EventRounds "9"]
[EventCountry "UAE"]
[SourceTitle "CBM 171 Extra"]
[Source "ChessBase"]
[SourceDate "2016.04.26"]
[SourceVersion "1"]
[SourceVersionDate "2016.04.26"]
[SourceQuality "1"]
[WhiteTeam "Afghanistan"]
[BlackTeam "United Arab Emirates III"]
[WhiteTeamCountry "AFG"]
[BlackTeamCountry "UAE"]

1. d4 d5 2. c4 dxc4 3. e3 Nf6 4. Bxc4 e6 5. Ne2 a6 6. a4 Nc6 7. 0-0 Bd6 8. Nbc3 Bxh2+ 9. Kxh2 Ng4+ 10. Kg3 h5 11. f3 Qd6+ 12. Nf4 h4+ 13. Kh3 Nxe3 14. Bxe3 e5+ 15. Kh2 exf4 16. Bf2 h3 17. g4 fxg3+ 18. Bxg3 Qxd4 19. Qe2+ Kf8 20. Rad1 Qf6 21. Nd5 1-0